000 01052nam a22003137a 4500
001 BR7803516
003 BR-BrBNA
005 20230928085620.0
007 ta
008 230509b bl.||||| |||| 00| 0 por d
040 _aBR-BrBNA
_bpor
_cBiblioteca Nacional de Agricultura
041 _a(Por)
072 _aL10
_b5214
090 _ 5214 BR7803516
100 1 _aTavares, M. da S.
110 1 _aUniversidade Federal de Minas Gerais, Belo Horizonte (Brasil). Escola de Veterinaria
_0Tese (Mestre em Zootecnia)
245 1 _aCorrelacoes fenotipicas entre idade a primeira paricao e carcteristicas ligadas a vida produtiva em vacas leiteiras
260 3 _aBelo Horizonte, MG (Brasil):
_c1978.
300 _a49 p.
500 _a6 tables; Bibliography p. 39-49 (71 ref.); Summary (Por)
650 _aMelhoramento genetico animal
650 _aVaca leiteira
650 _aFisiologia reprodutiva
650 _aFenotipo
650 _aPrimeira cria
650 _aEficiencia reprodutiva
909 _a202309
_bLucia
_c55
_dLucia Elande
942 _cBK
999 _c25395
_d25395